Central Library OPAC University of Rajshahi

Art activities in the modern school / (Record no. 16815)

MARC details
000 -LEADER
fixed length control field 00929nam a22002771 4500
001 - CONTROL NUMBER
control field 16815
003 - CONTROL NUMBER IDENTIFIER
rucl marc code BD-RjUL
005 - DATE AND TIME OF LATEST TRANSACTION
control field 20211209000043.0
008 - FIXED-LENGTH DATA ELEMENTS--GENERAL INFORMATION
fixed length control field 140215r19531937nyua b 001 0 eng
035 ## - SYSTEM CONTROL NUMBER
System control number (BD-RjUL)16870
System control number (OCoLC)850802
040 ## - CATALOGING SOURCE
Original cataloging agency DLC
Transcribing agency OOxM
Modifying agency BD-RjUL
Language of cataloging eng
041 ## - LANGUAGE CODE
Language code of text/sound track or separate title eng
082 ## - DEWEY DECIMAL CLASSIFICATION NUMBER
Classification number 707
Author mark and year NIA 1953
100 1# - MAIN ENTRY--PERSONAL NAME
Personal name Nicholas, Florence Williams
Dates associated with a name 1893-
9 (RLIN) 51930
245 10 - TITLE STATEMENT
Title Art activities in the modern school /
Statement of responsibility, etc. Florence Williams Nicholas, Nellie Clare Mawhood [and] Mabel B. Trilling
260 ## - PUBLICATION, DISTRIBUTION, ETC. (IMPRINT)
Place of publication, distribution, etc. New York :
Name of publisher, distributor, etc. The Macmillan Company,
Date of publication, distribution, etc. c1937 [reprint 1953].
300 ## - PHYSICAL DESCRIPTION
Pagination xiv, 379 p. :
Illustrations illus. ;
Size 22 cm.
504 ## - BIBLIOGRAPHY, ETC. NOTE
Bibliography, etc Include bibliography and index.
650 #0 - SUBJECT ADDED ENTRY--TOPICAL TERM
Topical term or geographic name as entry element Art
General subdivision Study and teaching.
9 (RLIN) 51931
700 1# - ADDED ENTRY--PERSONAL NAME
Personal name Mawhood, Nellie Clare
Relator term joint author.
Personal name Trilling, Mabel Barbara
Relator term joint author.
942 ## - ADDED ENTRY ELEMENTS (KOHA)
Source of classification or shelving scheme Dewey Decimal Classification
Koha item type Books
Holdings
Lost status Source of classification or shelving scheme Damaged status Not for loan Collection code Permanent Location Current Location Shelving location Date acquired Source of acquisition Cost, normal purchase price Total Checkouts Full call number Date last seen Copy number Koha item type
  Dewey Decimal Classification   Not For Loan Non-fiction Central Library, University of Rajshahi Central Library, University of Rajshahi Reading Room 21/02/2055 Mollick Brothers, Dacca 22.80   707 NIA 1953 15/02/2014 C-1 Books